000 00377nam a2200157Ia 4500
008 230711s9999||||xx |||||||||||||| ||und||
041 _aENG
082 _a621.381
_bSA-E
100 _aSaini,Harish C
245 0 _aElectronics-I
250 _a3rd Ed.
260 _c2011
_aJalandhar
_bEagles Prakashan Regd
300 _a284p.
650 _aElectronics Engineering
942 _cBK
999 _c7682
_d7682